Top Five Asian Countries by Category #2 - Statistics

General Stats
  • This quiz has been taken 10,488 times
  • The average score is 25 of 28
Answer Stats
Country % Correct
China
99%
India
98%
Indonesia
98%
Saudi Arabia
98%
Japan
96%
Russia
96%
Iran
95%
North Korea
95%
Iraq
94%
Kazakhstan
94%
Mongolia
94%
Malaysia
93%
Thailand
93%
Vietnam
93%
South Korea
92%
Pakistan
91%
Singapore
88%
Cambodia
87%
United Arab Emirates
87%
Burma
85%
Afghanistan
82%
East Timor
82%
Sri Lanka
82%
Uzbekistan
82%
Yemen
82%
Maldives
77%
Jordan
70%
Tajikistan
69%
No matching quizzes found
Score Distribution
Percent of People with Each Score
Percentile by Number Answered
Your Score History
You have not taken this quiz